| 000 | 00796nam a22002057a 4500 | ||
|---|---|---|---|
| 999 |
_c10108 _d10108 |
||
| 003 | AR-CdUCM | ||
| 008 | 190329b ||||| |||| 00| 0 spa d | ||
| 040 |
_aMUNICIPALIDAD PROVINCIAL DEL CUSCO _cBIBLIOTECA MUNICIPAL DEL CUSCO |
||
| 082 |
_a985.431 / _bG66 / 1961 |
||
| 100 |
_aGonzáles Marín, Carlos Alberto _917278 |
||
| 245 |
_aEl Primer grito de Independencia en el Perú : _bTacna, 20 de Junio de 1811 / |
||
| 260 |
_aLima : _bImp. DPPGC, _c1961. |
||
| 300 |
_a23 páginas ; _bretratos, _c16 cm. |
||
| 505 | _aContenido: Inquietud revolucionaria -- Buenos Aires y la campaña del Alto Perú -- Tacna y Castelli -- Disolución del levantamiento Tacneño. | ||
| 650 |
_aHistoria _9136 |
||
| 650 |
_aPerú _935 |
||
| 650 |
_aÉpoca Republicana _9202 |
||
| 942 |
_2ddc _cLIBROS |
||
| 945 | _aachl | ||